LEADER 01785nam 2200361 n 450 001 996390968203316 005 20221108090718.0 035 $a(CKB)4940000000105315 035 $a(EEBO)2240934132 035 $a(UnM)99854556 035 $a(EXLCZ)994940000000105315 100 $a19920727d1632 uy | 101 0 $aeng 135 $aurbn||||a|bb| 200 12$aA catalogue of the dukes, marquesses, earles, viscounts, bishops, barons, of the kingdomes of England, Scotland, and Ireland$b[electronic resource] $ewith their names, surnames, and titles of honour. VVhereunto is added a catalogue of the Knights of the Garter, the baronets of England, with the dates of their pattents, the Knights of the Bath, from the first of King Iames, to this present. 1632. Collected by T.W 210 $aLondon $cPrinted for Thomas Walkley, and are to bee sold at his shop at the signe of the Eagle and Childe at Britaines-Burse$d1632 215 $a[2], 41, [1] p 300 $aT.W. = Thomas Walkley. 300 $aAn updated edition of: A most exact catalogue of the nobilitie of England, Scotland, and Ireland. 300 $aReproduction of the original in the Henry E. Huntington Library and Art Gallery. 330 $aeebo-0113 607 $aEngland$xNobility$vRegisters$vEarly works to 1800 607 $aScotland$xNobility$vRegisters$vEarly works to 1800 607 $aIreland$xNobility$vRegisters$vEarly works to 1800 700 $aWalkley$b Thomas$fd. 1658?$01003409 801 0$bCu-RivES 801 1$bCu-RivES 801 2$bCStRLIN 801 2$bWaOLN 906 $aBOOK 912 $a996390968203316 996 $aA catalogue of the dukes, marquesses, earles, viscounts, bishops, barons of the kingdomes of England, Scotland, and Ireland$92343922 997 $aUNISA LEADER 01608nam 2200481 450 001 9910795073403321 005 20230126222720.0 010 $a983-861-930-2 035 $a(CKB)4340000000262951 035 $a(MiAaPQ)EBC5338828 035 $a(Au-PeEL)EBL5338828 035 $a(CaPaEBR)ebr11540346 035 $a(OCoLC)1031344251 035 $a(EXLCZ)994340000000262951 100 $a20200130d2015 ua 0 101 0 $aeng 135 $aurcnu|||||||| 181 $ctxt$2rdacontent 182 $cc$2rdamedia 183 $acr$2rdacarrier 200 00$aStrengthening local knowledge towards globalization $eissues and practices /$feditor, Mohamad Rashidi Pakri 210 1$aPulau Pinang, Malaysia :$cPenerbit Universiti Sains Malaysia,$d[2015] 210 4$dİ2015 215 $a1 online resource (xvi, 120 pages) 311 $a983-861-927-2 320 $aIncludes bibliographical references and index. 606 $aEthnoscience$zMalaysia$vCongresses 606 $aTraditional ecological knowledge$zMalaysia$vCongresses 606 $aGlobalization$xSocial aspects$zMalaysia$vCongresses 607 $aMalaysia$xCivilization$vCongresses 615 0$aEthnoscience 615 0$aTraditional ecological knowledge 615 0$aGlobalization$xSocial aspects 676 $a001.089 702 $aMohamad Rashidi Pakri 712 02$aPenerbit Universiti Sains Malaysia, 801 0$bMiAaPQ 801 1$bMiAaPQ 801 2$bMiAaPQ 906 $aBOOK 912 $a9910795073403321 996 $aStrengthening local knowledge towards globalization$93787414 997 $aUNINA